|
|
|
|
| LEADER |
00000nam0a2200000 4500 |
| 001 |
70138 |
| 005 |
20231031081044.0 |
| 010 |
|
|
|a 5211048431
|
| 010 |
|
|
|a 5-02-033599-1
|
| 035 |
|
|
|a (RuTPU)RU\TPU\book\74679
|
| 090 |
|
|
|a 70138
|
| 100 |
|
|
|a 20041115d2004 m y0rusy50 ca
|
| 101 |
0 |
|
|a rus
|
| 102 |
|
|
|a RU
|
| 105 |
|
|
|a a j 001zy
|
| 200 |
1 |
|
|a Уравнения математической физики
|e учебник для вузов
|f А. Н. Тихонов, А. А. Самарский
|g Московский государственный университет им. М. В. Ломоносова
|
| 205 |
|
|
|a 7-е изд.
|
| 210 |
|
|
|a Москва
|c Изд-во МГУ
|c Наука
|d 2004
|
| 215 |
|
|
|a 798 с.
|c ил.
|
| 225 |
1 |
|
|a Классический университетский учебник
|
| 320 |
|
|
|a Библиогр.: с. 791.
|
| 320 |
|
|
|a Предметный указатель: с. 793-798.
|
| 451 |
|
1 |
|0 (RuTPU)RU\TPU\book\13885
|y 5-211-04138-0
|t Уравнения математической физики
|o учебное пособие
|f А. Н. Тихонов, А. А. Самарский
|e 6-е изд., испр. и доп.
|c М.
|n Изд-во МГУ
|d 1999
|p 798 с.
|a Тихонов, Андрей Николаевич
|
| 610 |
1 |
|
|a математическая физика
|
| 610 |
1 |
|
|a дифференциальные уравнения
|
| 610 |
1 |
|
|a уравнения гиперболического типа
|
| 610 |
1 |
|
|a уравнения параболического типа
|
| 610 |
1 |
|
|a уравнения эллиптического типа
|
| 610 |
1 |
|
|a волны
|
| 610 |
1 |
|
|a тепло
|
| 610 |
1 |
|
|a распространение
|
| 610 |
1 |
|
|a метод конечных разностей
|
| 610 |
1 |
|
|a специальные функции
|
| 610 |
1 |
|
|a краевые задачи
|
| 610 |
1 |
|
|a обобщенные решения
|
| 610 |
1 |
|
|a учебники
|
| 675 |
|
|
|a 53:51(075.8)
|v 3
|
| 700 |
|
1 |
|a Тихонов
|b А. Н.
|g Андрей Николаевич
|
| 701 |
|
1 |
|a Самарский
|b А. А.
|g Александр Андреевич
|
| 712 |
0 |
2 |
|a Московский государственный университет им. М. В. Ломоносова
|2 stltpush
|3 (RuTPU)RU\TPU\col\7
|
| 801 |
|
1 |
|a RU
|b 63413507
|c 20041115
|g PSBO
|
| 801 |
|
2 |
|a RU
|b 63413507
|c 20201117
|g PSBO
|
| 900 |
|
|
|a Уравнения математической физики
|
| 900 |
|
|
|a Методы математической физики
|
| 900 |
|
|
|a Теория физических полей
|
| 942 |
|
|
|c BK
|
| 952 |
|
|
|a 510000
|b 010300
|